Loading...
| Fine Arts - Classical Music | 0 | 9 | 0 | 2 | 90 | 63 | 87.33 | 1 | 7 | 17.46 | 58.08 |
| Mythology | 0 | 9 | 0 | 1 | 90 | 15 | 45.22 | 6 | 8 | 50.21 | 68.69 |
| Science - Biology | 0 | 7 | 0 | 1 | 70 | 25 | 56.14 | 2 | 4 | 26.90 | 44.44 |
| Philosophy | 0 | 7 | 0 | 2 | 70 | 53 | 81.14 | 2 | 3 | 22.40 | 54.69 |
| Religion | 0 | 7 | 1 | 0 | 65 | 27 | 69.00 | 3 | 7 | 24.95 | 55.56 |
| Science - Chemistry | 0 | 7 | 2 | 1 | 60 | 32 | 60.86 | 1 | 6 | 24.83 | 52.53 |
| History - American | 0 | 6 | 0 | 0 | 60 | 28 | 53.33 | 2 | 3 | 25.94 | 34.47 |
| Literature - American | 0 | 6 | 0 | 1 | 60 | 61 | 81.67 | 1 | 5 | 14.25 | 43.43 |
| Literature - European | 0 | 7 | 2 | 0 | 60 | 70 | 92.14 | 1 | 6 | 14.62 | 50.25 |
| Literature - World | 0 | 6 | 0 | 1 | 60 | 60 | 81.83 | 2 | 3 | 16.35 | 42.42 |
| Painting/Sculpture | 0 | 6 | 1 | 0 | 55 | 65 | 83.00 | 2 | 5 | 13.79 | 42.05 |
| History - Other | 0 | 6 | 1 | 1 | 55 | 28 | 64.00 | 2 | 4 | 23.19 | 34.34 |
| Science - Physics | 0 | 5 | 0 | 0 | 50 | 32 | 55.00 | 1 | 4 | 20.32 | 38.26 |
| History - World | 0 | 5 | 0 | 0 | 50 | 24 | 51.40 | 2 | 3 | 23.19 | 35.35 |
| Fine Arts - Other | 0 | 5 | 0 | 0 | 50 | 51 | 72.00 | 3 | 3 | 16.50 | 37.37 |
| Social Science | 0 | 4 | 0 | 0 | 40 | 26 | 55.75 | 2 | 4 | 22.83 | 40.28 |
| History - European | 0 | 4 | 0 | 1 | 40 | 47 | 85.00 | 2 | 2 | 8.60 | 24.24 |
| Literature - British | 0 | 4 | 0 | 1 | 40 | 63 | 93.25 | 2 | 3 | 7.61 | 30.18 |
| Current Events | 0 | 2 | 0 | 1 | 20 | 42 | 75.00 | 0 | 0 | 10.22 | 14.81 |
| Science - Other | 0 | 2 | 1 | 0 | 15 | 70 | 71.00 | 0 | 1 | 6.16 | 9.09 |
| Pop Culture | 0 | 1 | 0 | 0 | 10 | 40 | 40.00 | 0 | 0 | 10.61 | 5.56 |
| Geography | 0 | 1 | 1 | 1 | 5 | 122 | 122.00 | 0 | 0 | 0.00 | 2.22 |